000 01224nac a22003257a 4500
001 BR7704018
003 BR-BrBNA
005 20240105114118.0
008 230509b bl.|||m| |||| 00| 0 por d
040 _aBR-BrBNA
_bpor
_cBiblioteca Nacional de Agricultura
072 _aL10; L00
090 _a5120 BR7704018
110 1 _aDepartamento Nacional da Producao Animal, Brasilia, DF (Brasil). Div. para Animais de Grande Porte;
110 1 _aPrograma Nacional de Melhoramento Zootecnico, Brasilia, DF (Brasil);
_98043
110 1 _aAssociacao Brasileira dos Criadores do Cavalo de Corrida, Sao Paulo, SP
_9357
245 1 _aEstatisticas Brasileiras 1977 [Cavalo; Equus caballus; Raca; Registro genealogico; Producao animal; Reprodutor]
260 3 _aSao Paulo, SP (Brasil):
_c[nd].
300 _a781 p.
490 _aStud Book Brasileiro. Estatisticas Brasileiras (Brazil)
_v
_x
500 _aNumerical data; Published after 1977
650 _aMelhoramento genetico animal
650 _aProducao animal
650 _aCavalo
650 _aRaca
650 _aRegistro genealogico
650 _aReprodutor
650 _aRendimento
909 _a202312
_bLúcia Elande
_c55
_dLúcia Elande
942 _2AGRIS
_n0
_cMS
999 _c267446
_d267446